Stanovenie optimálnej ceny poistného produktu na poistnom trhu v prostredí MS Excel

Salvato in:
Dettagli Bibliografici
Autore principale: Strešňáková, Anna, 1976-
Altri autori: Slaninka, František, 1973-
Natura: Capitolo di libro
Lingua:slovacco
Tags: Aggiungi Tag
Nessun Tag, puoi essere il primo ad aggiungerne!!

MARC

LEADER 00000nla a2200000 4500
001 0235650
005 20240502073818.5
041 0 |a slo 
044 |a SK 
245 1 0 |a Stanovenie optimálnej ceny poistného produktu na poistnom trhu v prostredí MS Excel  |c Anna Strešňáková, František Slaninka 
500 |a Abstrakt 
100 1 |a Strešňáková, Anna, 1976- 
700 1 |a Slaninka, František, 1973-